Statistics for Asia Flags Map Quiz

Click here to take the quiz!

General Stats

  • This quiz has been taken 5,344 times
  • The average score is 32 of 48

Answers on the Map

Answers color-coded by a green-red scale on the quiz's map according to % correct below.
Loading ...
 

Answer Stats

Answer % Correct
95%
95%
93%
89%
87%
84%
82%
80%
79%
79%
78%
77%
77%
77%
76%
76%
76%
75%
74%
74%
71%
70%
70%
68%
68%
67%
66%
65%
65%
64%
62%
62%
60%
59%
58%
57%
55%
52%
51%
50%
49%
49%
49%
48%
46%
44%
42%
37%

Score Distribution

Percentile by Number Answered

Percent of People with Each Score

Your Score History

You have not taken this quiz